<?xml version="1.0" encoding="UTF-8"?>
<record
    xmlns:xsi="http://www.w3.org/2001/XMLSchema-instance"
    xsi:schemaLocation="http://www.loc.gov/MARC21/slim http://www.loc.gov/standards/marcxml/schema/MARC21slim.xsd"
    xmlns="http://www.loc.gov/MARC21/slim">

  <leader>01112nam a2200241 a 4500</leader>
  <controlfield tag="001">BRCA_8982</controlfield>
  <controlfield tag="005">20190320210500.0</controlfield>
  <controlfield tag="008">100717s1765----sp-#######---#000-0#spa-#</controlfield>
  <datafield tag="041" ind1=" " ind2=" ">
    <subfield code="a">spa</subfield>
  </datafield>
  <datafield tag="044" ind1=" " ind2=" ">
    <subfield code="a">sp</subfield>
  </datafield>
  <datafield tag="084" ind1=" " ind2=" ">
    <subfield code="a">CO74</subfield>
    <subfield code="b">.F49 1765</subfield>
  </datafield>
  <datafield tag="100" ind1="1" ind2=" ">
    <subfield code="a">Feijoo, Benito Jer&#xF3;nimo</subfield>
    <subfield code="d">1676 - 1764</subfield>
    <subfield code="9">22297</subfield>
  </datafield>
  <datafield tag="245" ind1="1" ind2="0">
    <subfield code="a">Ilustracion apologetica al primero y segundo tomo del Theatro critico</subfield>
    <subfield code="b">donde se notan mas de quatrocientos descuidos al autor del Anti-Theatro; y de los setenta, que este imputa al Autor del Theatro Critico, se rebajan los sesenta y nueve y medio</subfield>
    <subfield code="c">escrito por el M.I.S.D. Fr. Benito Geronimo Feyjoo y Montenegro ...</subfield>
  </datafield>
  <datafield tag="250" ind1=" " ind2=" ">
    <subfield code="a">9a ed.</subfield>
  </datafield>
  <datafield tag="260" ind1=" " ind2=" ">
    <subfield code="a">Madrid</subfield>
    <subfield code="b">En la Imprenta de Antonio Sanz</subfield>
    <subfield code="c">1765</subfield>
  </datafield>
  <datafield tag="300" ind1=" " ind2=" ">
    <subfield code="a">164 p.</subfield>
    <subfield code="c">21.2 x 15 cm</subfield>
  </datafield>
  <datafield tag="500" ind1=" " ind2=" ">
    <subfield code="a">En portada: A costa de la Compa&#xF1;&#xED;a de Impresores, y Libreros del Reyno</subfield>
  </datafield>
  <datafield tag="500" ind1=" " ind2=" ">
    <subfield code="a">Con las licencias necesarias</subfield>
  </datafield>
  <datafield tag="500" ind1=" " ind2=" ">
    <subfield code="a">Estado f&#xED;sico: presenta encuadernaci&#xF3;n en pergamino con cintas rotas, presencia del pez de plata y cantos decorados</subfield>
  </datafield>
  <datafield tag="600" ind1="1" ind2="4">
    <subfield code="a">Feijoo, Benito Jer&#xF3;nimo</subfield>
    <subfield code="d">1676-1764</subfield>
    <subfield code="9">22298</subfield>
  </datafield>
  <datafield tag="902" ind1=" " ind2=" ">
    <subfield code="a">CFM</subfield>
  </datafield>
  <datafield tag="942" ind1=" " ind2=" ">
    <subfield code="2">lcc</subfield>
    <subfield code="c">B</subfield>
  </datafield>
  <datafield tag="999" ind1=" " ind2=" ">
    <subfield code="c">8633</subfield>
    <subfield code="d">8633</subfield>
  </datafield>
  <datafield tag="952" ind1=" " ind2=" ">
    <subfield code="0">0</subfield>
    <subfield code="1">0</subfield>
    <subfield code="4">0</subfield>
    <subfield code="7">0</subfield>
    <subfield code="a">BRCA</subfield>
    <subfield code="b">BRCA</subfield>
    <subfield code="d">2017-07-10</subfield>
    <subfield code="l">0</subfield>
    <subfield code="o">CO74 .F49 1765</subfield>
    <subfield code="p">CFM00381</subfield>
    <subfield code="r">2019-03-22 00:00:00</subfield>
    <subfield code="w">2019-03-22</subfield>
    <subfield code="y">B</subfield>
  </datafield>
</record>
